|
|
|
|
| LEADER |
01246nam a22003374a 4500 |
| 001 |
EBC3004320 |
| 003 |
MiAaPQ |
| 005 |
20200520144314.0 |
| 006 |
m o d | |
| 007 |
cr cn||||||||| |
| 008 |
010319s2001 dcua sb 001 0 eng |
| 010 |
|
|
|z 2001001712
|
| 020 |
|
|
|z 0815700830
|
| 035 |
|
|
|a (MiAaPQ)EBC3004320
|
| 035 |
|
|
|a (Au-PeEL)EBL3004320
|
| 035 |
|
|
|a (CaPaEBR)ebr10026250
|
| 035 |
|
|
|a (OCoLC)614710118
|
| 040 |
|
|
|a MiAaPQ
|c MiAaPQ
|d MiAaPQ
|
| 050 |
|
4 |
|a HC412
|b .K895 2001
|
| 082 |
0 |
4 |
|a 337.1/5
|2 21
|
| 100 |
1 |
|
|a Kwan, C. H.,
|d 1957-
|
| 245 |
1 |
0 |
|a Yen bloc
|h [electronic resource] :
|b toward economic integration in Asia /
|c C. H. Kwan.
|
| 260 |
|
|
|a Washington, D.C. :
|b Brookings Institution Press,
|c c2001.
|
| 300 |
|
|
|a xviii, 214 p. :
|b ill.
|
| 504 |
|
|
|a Includes bibliographical references (p. 197-204) and index.
|
| 533 |
|
|
|a Electronic reproduction. Ann Arbor, MI : ProQuest, 2015. Available via World Wide Web. Access may be limited to ProQuest affiliated libraries.
|
| 650 |
|
0 |
|a Monetary policy
|z Asia.
|
| 651 |
|
0 |
|a Asia
|x Economic integration.
|
| 655 |
|
4 |
|a Electronic books.
|
| 710 |
2 |
|
|a ProQuest (Firm)
|
| 856 |
4 |
0 |
|u https://ebookcentral.proquest.com/lib/matrademy/detail.action?docID=3004320
|z Click to View
|